Inglaterra: photographs scottish scenery

Na minha lista:
Detalhes bibliográficos
Formato: Livro
Idioma:inglês
Publicado em: s.n 1950
Assuntos:
Tags: Adicionar Tag
Sem tags, seja o primeiro a adicionar uma tag!

MARC

LEADER 00000nam a2200000 a 4500
001 UCY4251
003 CL-VaPUC
008 950306e19500000US |||||||||||||||||eng|d
082 0 4 |a 709.42  |b ING  |2 21 
245 1 0 |a Inglaterra: photographs scottish scenery 
300 |a v 
942 |c BK 
945 |d 19950306 00:00:00  |a mfernand 
260 |b s.n  |c 1950 
500 |a v.1: Fotografías de lugares de ciudades monumentos historicos 
650 0 |a Arte  |9 265238 
650 0 |a Fotografía  |9 268495 
651 0 |a Inglaterra  |9 255158 
583 |a last modification  |c 20120823 10:28:03  |k Rodrigo Vera 
999 |c 232154  |d 232152 
952 |0 0  |1 0  |4 0  |6 709_420000000000000_ING_1950  |7 0  |8 F  |9 236240  |a BIBARQ  |b BIBARQ  |d 2019-11-15  |h v.1  |i 3061930  |o 709.42 ING 1950  |p 3061930  |r 2025-01-20  |w 2019-11-15  |y BK_F  |k ARQ